000 01707nam0a2200373 4500
001 RU\NLR\bibl\1786757
005 20250616141041.0
010 _a978-5-98880-048-4
_9500
021 _aRU
_b2011-45165
_93203
035 _a(nilc)RSL-KNO-004959417
035 _a(NLR Aleph) 001777479
090 _a1676418
_c1676418
100 _a20110621d2011 |||y0rusy50 ca
101 0 _arus
102 _aRU
105 _ay |||||||||
200 1 _aАктуальные вопросы взаимодействия Европейского союза и его государств-членов с Международным уголовным судом
_eмонография
_fПузырева Юлия Владимировна
_gАвтономная некоммерческая образовательная орг. высш. проф. образования "Одинцовский гуманитарный ин-т"
210 _aОдинцово
_cАНОО ВПО ОГИ
_d2011
215 _a79 с.
_d21
320 _aБиблиогр.: с. 70-79 и в подстроч. примеч.
601 0 2 _aМеждународный уголовный суд
_91547828
_3RU\NLR\auth\66675653
601 0 2 _aЕвропейский Союз
_xМеждународно-правовые вопросы
_91597476
_3RU\NLR\auth\661001227
686 _aХ917.122,0
_2rubbk
686 _aХ917.122
686 _aХ915.232.5
700 1 _aПузырева
_bЮ. В.
_gЮлия Владимировна
_4070
801 0 _aRU
_bRuMoRKP
_c20110621
_grcr
801 1 _aRU
_bРГБ
_c20110621
801 2 _aRU
_bNLR
_c20110708
_grcr
830 _aавт. по кн.
942 _cBOOK
980 _aNB
980 _aNBR